000 00747nam a22002297a 4500
003 LK-CoMWRAF
005 20231213115706.0
008 231213b2008 |||||||| |||| 00| 0 eng d
020 _a9789551800055
040 _aLK-CoMWRAF
_dLK-CoMWRAF
_eLK-CoMWRAF
041 _aeng
082 _a320.95
_bPOW
245 _a Power-sharing in Sri Lanka :
_bconstitutional and political documents, 1926-2008
260 _aColombo,
_bCentre for Policy Alternatives
_c2008
300 _a 896 p. : ill. 1 map ; 29 cm
_bBibliography included
650 _aSri Lanka- Politics and government -Sources
700 _a Edrisinha, Rohan
_eed.
700 _aGomez, Mario
_eed.
700 _aThamilmaran, V.T.
_eed.
700 _aWelikala, Asanga
_eed.
942 _cBK
999 _c4402
_d4402